<?xml version="1.0" encoding="UTF-8"?>
<record
    xmlns:xsi="http://www.w3.org/2001/XMLSchema-instance"
    xsi:schemaLocation="http://www.loc.gov/MARC21/slim http://www.loc.gov/standards/marcxml/schema/MARC21slim.xsd"
    xmlns="http://www.loc.gov/MARC21/slim">

  <leader>01495nam a2200301 a 4500</leader>
  <controlfield tag="003">DO-SdBNP</controlfield>
  <controlfield tag="005">20220701122126.0</controlfield>
  <controlfield tag="007">ta</controlfield>
  <controlfield tag="008">220628e2013    dr h|||er|||| 001 mdspa d</controlfield>
  <datafield tag="020" ind1=" " ind2=" ">
    <subfield code="a">9789945488135</subfield>
  </datafield>
  <datafield tag="040" ind1=" " ind2=" ">
    <subfield code="a">DO-SdBNP</subfield>
    <subfield code="b">spa</subfield>
    <subfield code="c">BNPHU</subfield>
  </datafield>
  <datafield tag="082" ind1=" " ind2="4">
    <subfield code="2">22</subfield>
    <subfield code="b">F363n</subfield>
  </datafield>
  <datafield tag="100" ind1="1" ind2=" ">
    <subfield code="9">72877</subfield>
    <subfield code="a">Fern&#xE1;ndez, Papo</subfield>
    <subfield code="d">1963-</subfield>
  </datafield>
  <datafield tag="245" ind1="1" ind2="0">
    <subfield code="a">&#xA1;Najayo!..</subfield>
    <subfield code="b">"pues yo si jay&#xE9;. /</subfield>
    <subfield code="c">Papo Fern&#xE1;ndez; Editor, Noe Zayas, Pr&#xF3;logo, Pedro Carreras Aguilera</subfield>
  </datafield>
  <datafield tag="260" ind1=" " ind2=" ">
    <subfield code="a">San Francisco de Macor&#xED;s, Rep&#xFA;blica Dominicana :</subfield>
    <subfield code="b">Papiros Talleres Gr&#xE1;ficos,</subfield>
    <subfield code="c">2013</subfield>
  </datafield>
  <datafield tag="300" ind1=" " ind2=" ">
    <subfield code="a">109 p. :</subfield>
    <subfield code="b">facs. ;</subfield>
    <subfield code="c">21 cm.</subfield>
  </datafield>
  <datafield tag="500" ind1=" " ind2=" ">
    <subfield code="a">Incluye datos biogr&#xE1;ficos del autor en las solapas de las cubierta. </subfield>
  </datafield>
  <datafield tag="505" ind1="0" ind2=" ">
    <subfield code="a">1.- Dedicatoria.--</subfield>
  </datafield>
  <datafield tag="505" ind1="0" ind2=" ">
    <subfield code="a">2.- Pr&#xF3;logo.</subfield>
    <subfield code="t">3.- Palabras el autor.--</subfield>
    <subfield code="t">4.- Participaci&#xF3;n en la c&#xE1;mara de diputados.--</subfield>
    <subfield code="t">5.- Un grandote y Gigante Besote!.--</subfield>
    <subfield code="t">6.- &#xBF;Por qu&#xE9;?.--</subfield>
    <subfield code="t">7.- El hombre... es su Palabra?.--
</subfield>
    <subfield code="t">8.- Privilegios en C&#xE1;rcel.--</subfield>
    <subfield code="t">9.- No es la gran vaina.--</subfield>
    <subfield code="t">10.- Lean esto.--</subfield>
    <subfield code="t">11.- Cosas de Najayo.--</subfield>
    <subfield code="t">12.- Retazos de mi Pensamiento.--</subfield>
    <subfield code="t">13.- Otros Dicien:</subfield>
    <subfield code="t">14.- Al final.--</subfield>
    <subfield code="t">15.- Anexos</subfield>
  </datafield>
  <datafield tag="590" ind1=" " ind2=" ">
    <subfield code="a">Inventariado 2022 / MF</subfield>
  </datafield>
  <datafield tag="650" ind1=" " ind2="4">
    <subfield code="9">16921</subfield>
    <subfield code="a">Prosa</subfield>
    <subfield code="v">Relatos personales</subfield>
    <subfield code="x">Critica e Interpretaci&#xF3;n.</subfield>
    <subfield code="z">Rep&#xFA;blica Dominicana</subfield>
  </datafield>
  <datafield tag="650" ind1=" " ind2="4">
    <subfield code="a">Prisiones</subfield>
    <subfield code="z">Rep&#xFA;blica Dominicana</subfield>
    <subfield code="9">14299</subfield>
  </datafield>
  <datafield tag="651" ind1=" " ind2="4">
    <subfield code="9">78581</subfield>
    <subfield code="a">Rep&#xFA;blica Dominicana</subfield>
    <subfield code="x">Relatos personales</subfield>
  </datafield>
  <datafield tag="700" ind1="1" ind2=" ">
    <subfield code="9">13123</subfield>
    <subfield code="a">Zayas, No&#xE9;</subfield>
    <subfield code="e">ed.</subfield>
  </datafield>
  <datafield tag="700" ind1="1" ind2=" ">
    <subfield code="9">43438</subfield>
    <subfield code="a">Carreras Aguilera, Pedro</subfield>
    <subfield code="e">pr&#xF3;l.</subfield>
  </datafield>
  <datafield tag="910" ind1=" " ind2=" ">
    <subfield code="a">MFeliz</subfield>
  </datafield>
  <datafield tag="942" ind1=" " ind2=" ">
    <subfield code="2">ddc</subfield>
    <subfield code="c">LBS1</subfield>
  </datafield>
  <datafield tag="952" ind1=" " ind2=" ">
    <subfield code="0">0</subfield>
    <subfield code="1">0</subfield>
    <subfield code="2">ddc</subfield>
    <subfield code="5">1</subfield>
    <subfield code="7">0</subfield>
    <subfield code="8">PD</subfield>
    <subfield code="a">BNPHU</subfield>
    <subfield code="b">BNPHU</subfield>
    <subfield code="c">CT</subfield>
    <subfield code="d">2019-04-10</subfield>
    <subfield code="e">Dep&#xF3;sito legal</subfield>
    <subfield code="o">F363n</subfield>
    <subfield code="p">2022-3234</subfield>
    <subfield code="r">2022-06-28</subfield>
    <subfield code="w">2022-06-28</subfield>
    <subfield code="y">LBS1</subfield>
    <subfield code="z">Ejemplar autografiado</subfield>
  </datafield>
  <datafield tag="952" ind1=" " ind2=" ">
    <subfield code="0">0</subfield>
    <subfield code="1">0</subfield>
    <subfield code="2">ddc</subfield>
    <subfield code="5">1</subfield>
    <subfield code="7">0</subfield>
    <subfield code="8">PD</subfield>
    <subfield code="a">BNPHU</subfield>
    <subfield code="b">BNPHU</subfield>
    <subfield code="c">CT</subfield>
    <subfield code="d">2019-04-10</subfield>
    <subfield code="e">Dep&#xF3;sito legal</subfield>
    <subfield code="o">F363n</subfield>
    <subfield code="p">2022-3235</subfield>
    <subfield code="r">2022-06-28</subfield>
    <subfield code="t">e.2</subfield>
    <subfield code="w">2022-06-28</subfield>
    <subfield code="y">LBS1</subfield>
    <subfield code="z">Ejemplar autografiado</subfield>
  </datafield>
  <datafield tag="999" ind1=" " ind2=" ">
    <subfield code="c">52119</subfield>
    <subfield code="d">52119</subfield>
  </datafield>
</record>
